00556nam a22001337a 4500040000800000082002800008100003000036245006400066260007700130300003800207942001000245999001700255952015000272 cDLC a 604 JAN 1992 C283 Or. aJanet Duro, Ilya Moeliono a Sustainable agriculture for the lowlands : bresource book aBangkok, bSoutheast Asia Sustainable Agriculture Network (SESAN),c1992 axiv, 286 s.b illustrationsc27CM cAEDBB c22515d22515 0010406604_000000000000000_JAN_1992_C283_OR70996927aLBCbLBCcC283d2024-01-09o604 JAN 1992 C283 Or.pa39715r2024-01-09w2024-01-09yAEDBB